Zalacaín el aventurero
Gespeichert in:
| 1. Verfasser: | |
|---|---|
| Format: | Buch |
| Sprache: | Spanisch |
| Veröffentlicht: |
Madrid
Espasa Calpe
1994
|
| Ausgabe: | 29a. ed |
| Schriftenreihe: | Colección Austral, 3
|
| Schlagworte: | |
| Tags: |
Tag hinzufügen
Keine Tags, Fügen Sie den ersten Tag hinzu!
|
MARC
| LEADER | 00000cam a2200000 a 4500 | ||
|---|---|---|---|
| 001 | UCE7414 | ||
| 003 | CL-VaPUC | ||
| 008 | 150605e19940000sp |||||||||||||||||spa|d | ||
| 020 | |a 8423918033 | ||
| 082 | 0 | 4 | |a 863 |b BAR |2 21 |
| 100 | 0 | |a Baroja, Pío |e author |9 322211 | |
| 245 | 1 | 0 | |a Zalacaín el aventurero |
| 250 | |a 29a. ed | ||
| 300 | |a 246 p | ||
| 942 | |c BK | ||
| 945 | |d 20150605 14:50:00 |a gsalatino | ||
| 260 | |a Madrid |b Espasa Calpe |c 1994 | ||
| 650 | 0 | |a Novelas españolas |9 265052 | |
| 650 | 0 | |a Literatura española |9 306261 | |
| 583 | |a last modification |c 20150605 14:50:00 |k Rodrigo Vera | ||
| 490 | 0 | |a Colección Austral, 3 | |
| 999 | |c 359509 |d 359507 | ||
| 952 | |0 0 |1 0 |3 erb |4 0 |6 863_000000000000000_BAR_1994 |7 0 |8 A |9 468713 |a BIBEDU |b BIBEDU |e Villagrán Garnham, Jorge |i 5177138 |o 863 BAR 1994 |p 5177138 |r 2019-11-23 |w 2019-11-23 |y BK |z Catalogado en:20150605 |k LIT | ||